000 01004nam a22003257a 4500
003 OSt
005 20260331114108.0
007 ta
008 260331s2025 ag ||||| |||| 00| 0 spa d
020 _a9789878091808
040 _ccj catamarca
082 _a32(091) D542
100 1 0 _9208
_aDiaz, Marcelo Omar
245 1 0 _aPartidos politicos, tensiones y practicas electorales:
_bCatamarca, 1900-1918
250 _a1º ed.
260 _aRosario:
_bProhistoria,
_c2025
300 _a298 p.
_c23 cm
500 _aINVENTARIO Nº 8131
650 7 _2SAIJ
653 _aHISTORIA-CATAMARCA
653 _aPARTIDOS POLITICOS-CATAMARCA
653 _aPRACTICAS ELECTORALES-CATAMARCA
653 _aPAZ CONSERVADORA CATAMARCA
653 _aREGENERACION-CATAMARCA
653 _aLUCHA DE FACCIONES-CATAMARCA
653 _aELITE CATAMARQUEÑA
653 _aREFORMA ELECTORAL-CATAMARCA
856 _uhttps://drive.google.com/file/d/1Lz20O_mXhMlS6HA1s8dbRqbC8fj_sL83/view?usp=sharing
942 _2ddc
_cBK
_n0
999 _c6512
_d6512